000 00531nam a2200181Ia 4500
008 090124s9999 xx 000 0 und d
082 _b119496
100 _aप्रधान श्रीधर
245 _a कसोटीचे क्षण
250 _a1
260 _c1983
300 _a230
600 _aप्रधान श्रीधर
630 _a कसोटीचे क्षण
700 _aप्रधान श्रीधर
730 _a कसोटीचे क्षण
942 _cBOOK
999 _c165582
_d165582